| 000 | 01359nam a2200325 c 4500 | ||
|---|---|---|---|
| 003 | BLK | ||
| 005 | 20240722145556.0 | ||
| 008 | 180408b bul|||||r ||||||| ||bul|| | ||
| 010 | _aKNG00046906000 | ||
| 020 |
_a954-608-050-0 _bиздат.: Труд и право |
||
| 040 | _aBLK | ||
| 041 |
_aBUL _cBUL |
||
| 080 |
_aСтопанско законодателство. Търговия. Индустрия _b351.82 _x:336.76(497.2)(094.5) _z351.82:336.76(497.2)(094.5) |
||
| 100 | 1 |
_aКалайджиев, Ангел _eпърви автор _9366721 |
|
| 139 |
_aКоментар на Закона за публичното предлагане на ценни книжа _bК 80 |
||
| 245 | 1 | 0 |
_aКоментар на Закона за публичното предлагане на ценни книжа _cАнгел Калайджиев. |
| 257 | _aBGR | ||
| 260 |
_аСофия _bТруд и право _c2000 |
||
| 300 |
_a912 с. _c21 см |
||
| 380 | _a3 | ||
| 500 | _aДеп. сп.: 41 | ||
| 650 | 4 |
_aЦенни книжа - България - законодателни и директивни материали _9266165 |
|
| 653 | _aценни книжа | ||
| 852 | _aЦб 206369 | ||
| 856 | 4 |
_qpdf _u |
|
| 856 | 4 |
_qpdf _u |
|
| 942 |
_cKNG _n0 _01 |
||
| 944 |
_aCR _c01.01.2000 _k30576 _lЦветомила Тодорова |
||
| 944 |
_aED _c18.10.2006 _k |
||
| 999 |
_c43214 _d43214 |
||